Daňová kontrola diplomová práca

Na minha lista:
Detalhes bibliográficos
Autor principal: Ondreička, Ján
Autor Corporativo: Národohospodárska fakulta EU. Katedra financií
Outros Autores: Kušnírová, Jana, 1977-
Formato: Livro
Idioma:eslovaco
Publicado em: Bratislava 2014
Tags: Adicionar Tag
Sem tags, seja o primeiro a adicionar uma tag!

MARC

LEADER 00000nbm a2200000 4500
001 0193219
005 20161212094720.4
041 0 |a slo 
044 |a SK 
245 1 0 |a Daňová kontrola  |b diplomová práca  |c Ján Ondreička ; školiteľ: Jana Kušnírová 
264 1 |a Bratislava  |c 2014 
300 |a 61 s. 
100 1 |a Ondreička, Ján 
700 1 |a Kušnírová, Jana, 1977- 
710 2 |a Národohospodárska fakulta EU. Katedra financií